00583nam a2200193Ia 450000500170000000800410001702000180005804000180007604100080009408200230010210000190012524500830014425000120022726000380023930000230027765000230030065000490032370000170037220220222154037.0210716s2008 xx 000 0 und d a9788174466839 cAIMIT LIBRARY aeng a174.9658 21bRAND aRani, D Geeta. aCorporate governance: btheory and practice /cD. Geeta Rani and R. K. Mishra. a1st ed. aNew Delhi :bExcel Books ,c2008. axi,239p. ;c24 cm. aCorporate Finance. aCorporate Governance Committees and Reports. aMishra, R K.